| 000 | 00619nam a2200229 i 4500 | ||
|---|---|---|---|
| 001 | bgj | ||
| 100 | 1 |
_aCHRISTIE, Agatha _d(1890-1976) |
|
| 245 | 1 | 0 |
_aThey came to Baghdad / _cAgatha Christie. |
| 260 |
_aAnstey, Leicestershire : _bF. A. Thorpe Publishing Ltd, _c1965. |
||
| 300 |
_a409, [1] pp ; _c23 cm. |
||
| 490 | 1 | _aUlverscroft | |
| 650 | 9 | _aDetective and mystery stories | |
| 651 | 9 | _aBaghdad |(Iraq) | |
| 655 | _aFiction | ||
| 830 | _aUlverscroft | ||
| 020 | _a07089018911 | ||
| 040 | _cBPK | ||
| 041 | 0 | _aeng | |
| 920 | _a0-7089-01891-1 | ||
| 942 | _cKS | ||
| 008 | s uk f |000 0 eng | ||
| 999 |
_c48663 _d48663 |
||
| 856 |
_uhttp://koha.tu.koszalin.pl/cgi-bin/koha/opac-detail.pl?biblionumber=48663 _yKatalog online BPK |
||